Batjaan Quran (diperbaharui). (Record no. 89250)

MARC details
000 -LEADER
fixed length control field 00791cam a22002651i 4500
001 - CONTROL NUMBER
control field sa 68020113
003 - CONTROL NUMBER IDENTIFIER
control field DLC
005 - DATE AND TIME OF LATEST TRANSACTION
control field 20260227112722.0
008 - FIXED-LENGTH DATA ELEMENTS--GENERAL INFORMATION
fixed length control field 830713s1961 io 000 0 ind
010 ## - LIBRARY OF CONGRESS CONTROL NUMBER
LC control number sa 68020113
035 ## - SYSTEM CONTROL NUMBER
System control number (OCoLC)9698947
040 ## - CATALOGING SOURCE
Original cataloging agency DLC
Transcribing agency OAU
Modifying agency DLC
041 0# - LANGUAGE CODE
Language code of text/sound track or separate title indara
042 ## - AUTHENTICATION CODE
Authentication code premarc
043 ## - GEOGRAPHIC AREA CODE
Geographic area code a-io---
050 00 - LIBRARY OF CONGRESS CALL NUMBER
Classification number PJ6696
Item number .J3
100 1# - MAIN ENTRY--PERSONAL NAME
Personal name Jatim, Marzoeki.
245 10 - TITLE STATEMENT
Title Batjaan Quran (diperbaharui).
260 ## - PUBLICATION, DISTRIBUTION, ETC.
Place of publication, distribution, etc. Djakarta :
Name of publisher, distributor, etc. Pustaka "Dirham",
Date of publication, distribution, etc. [1961?]
300 ## - PHYSICAL DESCRIPTION
Extent 50 p. ;
Dimensions 21 cm.
490 0# - SERIES STATEMENT
Series statement Pengadjaran agama Islam disekolah-sekolah umum dan rumah tangga ;
Volume/sequential designation 2
500 ## - GENERAL NOTE
General note Includes text of the Koran in Arabic.
630 00 - SUBJECT ADDED ENTRY--UNIFORM TITLE
Uniform title Qurʼan
General subdivision Language, style.
650 #0 - SUBJECT ADDED ENTRY--TOPICAL TERM
Topical term or geographic name entry element Arabic language
General subdivision Textbooks for foreign speakers
-- Indonesian.

No items available.

Powered by Koha